Catholic University of Zimbabwe Library
Online Public Access Catalogue
(OPAC)

Corbynism : (Record no. 30047)

MARC details
000 -LEADER
fixed length control field 02230nam a2200433Ii 4500
001 - CONTROL NUMBER
control field 9781787543690
003 - CONTROL NUMBER IDENTIFIER
control field UtOrBLW
005 - DATE AND TIME OF LATEST TRANSACTION
control field 20210303084919.0
006 - FIXED-LENGTH DATA ELEMENTS--ADDITIONAL MATERIAL CHARACTERISTICS
fixed length control field m o d
007 - PHYSICAL DESCRIPTION FIXED FIELD--GENERAL INFORMATION
fixed length control field cr un|||||||||
008 - FIXED-LENGTH DATA ELEMENTS--GENERAL INFORMATION
fixed length control field 180917s2018 enk o 001 0 eng d
020 ## - INTERNATIONAL STANDARD BOOK NUMBER
International Standard Book Number 9781787543690 (e-book)
040 ## - CATALOGING SOURCE
Original cataloging agency UtOrBLW
Language of cataloging eng
Description conventions rda
Transcribing agency UtOrBLW
043 ## - GEOGRAPHIC AREA CODE
Geographic area code ew-----
050 #4 - LIBRARY OF CONGRESS CALL NUMBER
Classification number D1053
Item number .B65 2018
072 #7 - SUBJECT CATEGORY CODE
Subject category code JP
Source bicssc
072 #7 - SUBJECT CATEGORY CODE
Subject category code POL058000
Source bisacsh
080 ## - UNIVERSAL DECIMAL CLASSIFICATION NUMBER
Universal Decimal Classification number 944
082 04 - DEWEY DECIMAL CLASSIFICATION NUMBER
Classification number 940
Edition number 23
100 1# - MAIN ENTRY--PERSONAL NAME
Personal name Bolton, Matt,
Dates associated with a name active 2018,
Relator term author.
245 10 - TITLE STATEMENT
Title Corbynism :
Remainder of title a critical approach /
Statement of responsibility, etc. Matt Bolton (University of Roehampton, UK), and Frederick Harry Pitts (University of Bristol, UK).
264 #1 - PRODUCTION, PUBLICATION, DISTRIBUTION, MANUFACTURE, AND COPYRIGHT NOTICE
Name of producer, publisher, distributor, manufacturer Emerald Publishing Limited,
300 ## - PHYSICAL DESCRIPTION
Extent 1 online resource (xvii, 347 pages) ;
Dimensions cm.
490 1# - SERIES STATEMENT
Series statement SocietyNow
500 ## - GENERAL NOTE
General note Includes index.
520 ## - SUMMARY, ETC.
Summary, etc. From the moment Jeremy Corbyn was elected Labour leader, Corbynism has been dismissed, derided or romanticised - but rarely taken seriously as a set of ideas on its own terms. From a left perspective, this book critically outlines the shared understanding of capitalism and its alternatives that unites the component parts of the Corbyn movement. Bypassing arguments over electability undermined by the 2017 election, 'Corbynism: A Critical Approach' decodes the central tenets of the Corbynist worldview, showing their coherence with contemporary political-economic shifts. Corbyns platform of protectionism at home and isolationism abroad, it contends, chimes with conspiratorial understandings of global capitalism as a rigged system common to populist nativism in an age of Trump and Brexit.
588 0# - SOURCE OF DESCRIPTION NOTE
Source of description note Print version record
651 #0 - SUBJECT ADDED ENTRY--GEOGRAPHIC NAME
Geographic name Europe, Western
General subdivision History
Chronological subdivision 20th century.
650 #7 - SUBJECT ADDED ENTRY--TOPICAL TERM
Topical term or geographic name entry element Political Science, World
General subdivision European.
Source of heading or term bisacsh
650 #7 - SUBJECT ADDED ENTRY--TOPICAL TERM
Topical term or geographic name entry element Politics & government.
Source of heading or term bicssc
700 1# - ADDED ENTRY--PERSONAL NAME
Personal name Pitts, Frederick Harry,
Relator term author.
776 ## - ADDITIONAL PHYSICAL FORM ENTRY
International Standard Book Number 9781787543720
830 #0 - SERIES ADDED ENTRY--UNIFORM TITLE
Uniform title SocietyNow.
856 40 - ELECTRONIC LOCATION AND ACCESS
Uniform Resource Identifier <a href="https://www.emerald.com/insight/publication/doi/10.1108/9781787543690">https://www.emerald.com/insight/publication/doi/10.1108/9781787543690</a>
Holdings
Withdrawn status Lost status Source of classification or shelving scheme Damaged status Not for loan Home library Current library Shelving location Date acquired Total Checkouts Full call number Date last seen Uniform Resource Identifier Price effective from Koha item type
          Digital Library Digital Library Online Access 03.03.2021   D1053 .B65 2018 03.03.2021 https://www.emerald.com/insight/publication/doi/10.1108/9781787543690 03.03.2021 eBook

OPENING HOURS

Weekdays: 0815hrs - 1800hrs
Weekends:0900hrs - 1200hrs

Closed for Mass:

Mon, Thur: 1200hrs - 1300hrs
Sunday & Public Holiday’s

CALL SUPPORT

0242-570570, 0242-570169
09200664, +263 8644140602

LOCATION

18443, Cranborne Avenue, Hatfield, Harare

Other Links


©2021 | CUZ Library